000 00238cam a2200109ua 4500
999 _c6201
_d6201
082 _a531.12
_bVAZ/SO
100 _aVazirani, V.S .
_91808
245 _aSolid Statics /
300 _a550 ; .
700 1 _aRatwani, M .M .
_91703
942 _cBK